00607nam a2200205 i 4500001001100000003000500011005001700016008004100033040002500074082001700099100003300116245002300149264007100172300002400243336002100267337002500288338002300313500004700336650001800383C2-0216352PPAK20180728105027.0990519s1982 my |||| ||||| | may d aPPAKbengcPPAKerda04a899.2332 230 aA. Malik, A. Manap, eauthor10aMengejar kedamaian 1aKuala Terangganu, Terengganu : bYayasan Islam Terangganu , c1982 a271 pages ; c22 cm 2rdacontentatext 2rdamediaaunmediated 2rdacarrieravolume a(Siri penerbitan Yayasan Islam Terengganu)10aMalay fiction